000 00524nam a22001937a 4500
003 KOHA_MİRAKIL
005 20251013100606.0
008 251013b tu ||||| |||| 00| 0 tur d
020 _a9786256478084
040 _aTR-AnABB
_btur
_cTR-AnABB
041 _atur
082 _a362.5
_bCAB 2023
100 1 _aÇabuk, Güngör,
245 1 0 _aEvsizler /
_cGüngör Çabuk
260 _aİstanbul :
_bScala Yayıncılık,
_c2023
300 _a97 sayfa ;
_c23 cm
650 0 4 _aTürk edebiyatı, roman
942 _2ddc
_cBK
999 _c9125
_d9125
900 _bGizem YORULMAZ